000 00440nam a2200133Ia 4500
008 100328s9999 xx 000 0 und d
082 _b47773
100 _aढवळे केशव भिकाजी
245 _aमोडी लिपी भाग-1
260 _bज्योती ानंजय ढवळे
630 _aमोडी लिपी भाग-1
730 _aमोडी लिपी भाग-1
942 _cBOOK
999 _c535497
_d535494